000 00452nam a2200193Ia 4500
001 11931
003 GE_BSU
008 181216s||||||||xx |||||||||||||| ||und||
040 _cGE_BSU
080 _a821.111-312.4
100 _aHolder,Nancy
245 _aBuffy the vampire slayer:Angel:heat.
260 _aGreat Britain.
260 _bBCA.
260 _c2004.
300 _a456p;20cm
653 _aBuffy the vampire slayer:Angel:heat.
942 _cBK
999 _c45108
_d45108